000
00329nam a2200121 a 4500
005
20140414131919.0
008
100719s19uu xx 00 eng d
050
_a
ER
_b
D12 1996
100
_a
McBratney, Sam
245
_a
The dark at the top of the stairs.
260
_a
Cambridge, MA:
_b
Candlewick Press,
_c
1996.
999
_c
111640
_d
111640